La prospección de la biodiversidad : (Registro nro. 839)

Detalles MARC
000 -CABECERA
Campo de control 00760cam a2200205 i 4500
005 - FECHA Y HORA DE LA ULTIMA TRANSACCION
Campo de control 20200104041515.0
008 - ELEMENTOS DE LONGITUD FIJA—INFORMACION GENERAL
Campo de control 960308s1994 cr 000 0 spa
020 ## - ISBN
ISBN 9968702013
040 ## - FUENTE DE CATALOGACIÓN
Agencia catalogadora original DLC
Agencia transcriptora DLC
Agencia Modificadora CO-BoIAVH
041 1# - IDIOMA
Código de idioma para texto/pista de sonido o título separado Español
082 04 - NUMERO DE CLASIFICACION DECIMAL DEWEY
Número de clasificación 333.9516
Número del ítem R35p
100 1# - ASIENTO PRINCIPAL--NOMBRE PERSONAL
Nombre personal Reid, Walter V.,
Fechas asociadas con el nombre 1956-
9 (RLIN) 58801
245 13 - MENCION DE TITULO
Título La prospección de la biodiversidad :
Parte restante del título el uso de los recursos genéticos para el desarrollo sostenible /
Mención de responsabilidad Walter V. Reid y (otros siete autores).
260 ## - PUBLICACION, DISTRIBUCION, ETC. (PIE DE IMPRENTA)
Lugar de publicación, distribución, etc. San José :
Nombre del editor, distribuidor, etc. Instituto Nacional de la Biodiversidad,
Fecha de publicación, distribución, etc. 1994.
300 ## - DESCRIPCION FISICA
Extensión 387 páginas ;
Dimensiones 22 cm.
650 14 - ASIENTO SECUNDARIO DE MATERIA - TERMINO TEMATICO
Término temático o nombre geográfico como elemento de entrada Diversidad biológica
9 (RLIN) 58802
650 24 - ASIENTO SECUNDARIO DE MATERIA - TERMINO TEMATICO
Término temático o nombre geográfico como elemento de entrada Conservación de la diversidad biológica
9 (RLIN) 58803
650 24 - ASIENTO SECUNDARIO DE MATERIA - TERMINO TEMATICO
Término temático o nombre geográfico como elemento de entrada Protecciòn del medio ambiente
9 (RLIN) 271
942 ## - ELEMENTOS ADICIONALES (KOHA)
Sistema de clasificación Dewey Decimal Classification
Tipo de ítem Libro
Existencias
Withdrawn status Lost status Sistema de Clasificación Damaged status No para préstamo Colección Inventariado Ubicación Permanente Ubicación actual Fecha de adquisición Fuente de Valor Valor Total Checkouts Número topográfico Inventario / Código de Barras Date last seen Ejemplar Price effective from Tipo de material
    Dewey Decimal Classification     General Inventariado 2017 Bogotá Bogotá 11/10/1998 Instituto 39000.00   LB-333.9516 R35p 001181 04/12/2012 Ej. 1 04/12/2012 Libro